000 00733nam a2200193 i 4500
001 182097
003 ES-MaACL
005 20230906221528.0
008 130605s1982 sp |||| | spa d
080 _a929 Teresa de Jesús, Santa
100 1 _aSánchez-Castañer, Francisco.
_9102538
245 1 4 _aLas cartas hispanoamericanas de Santa Teresa de Jesús /
_cFrancisco Sánchez-Castañer.
260 _a[S.l. :
_bAnales de Literatura Hispanoamericana,
_c1982]
300 _aP. [173]-179 ;
_c24 cm.
595 _aSeparata de "Anales de Literatura Hispanoamericana" nº 11, 1982.
600 0 7 _aTeresa de Jesús,
_cSanta,
_d1515-1582-
_vCorrespondencia
_2
_9133183
852 _aES-MaACL
_j2141-F-23
999 _c182097
_d182097